| 000 | 00424nam a22001337a 4500 | ||
|---|---|---|---|
| 008 | 240910b |||||||| |||| 00| 0 eng d | ||
| 040 |
_aNational Science Library _cNational Science Library |
||
| 080 |
_a543.52=590 _bL1 |
||
| 100 |
_aNascutu, Tiberiu _913263 |
||
| 245 | _aMetode radiometrice de analiza | ||
| 260 |
_aBucuresti: _bEditura Academiei Republicii Socialiste Romania, _c1971 |
||
| 300 | _a345p. | ||
| 942 |
_2udc _cBK |
||
| 999 |
_c66705 _d66705 |
||